Die Zauberflote [CD аудио] (Запис номер 226075)
[ съкратено ]
| 000 -Лидер | |
|---|---|
| Контролно поле с фиксирана дължина | 01625njm a2200433 c 4500 |
| 003 - Код на организацията, давaща контролен номер | |
| Контролно поле | BLK |
| 005 - Дата и час на последна редакция | |
| Контролно поле | 20241005005435.0 |
| 008 - Елементи от данни с фиксирана дължина | |
| fixed length control field | 180410b bul||n||s|||||||| n|bulo| |
| 010 ## - Наследен системен номер | |
| LC control number | CDD00007227000 |
| 040 ## - Източник на каталожния запис | |
| Идентификатор на билиотеката - собственик на записа | BLK |
| 041 ## - Код за език | |
| Код за езика на текст/звукозапис или на отделно заглавие | Немски |
| Код за езика КДБФ | Немски |
| 072 #7 - Код за тематичната категория | |
| Код организация | bullib |
| Код за тематична категория | Н9901 |
| Текст | Немска читалня - музика Н |
| 080 ## - УДК | |
| Текстов определител УДК | Опера. Музикална драма. Романтична опера. Опера-приказка |
| УДК код - определител по УДК | 782.1 |
| УДК определител | (02.053.2) |
| УДК - код + определител | 782.1(02.053.2) |
| 100 ## - Редна дума - Автор | |
| Автор | Mozart, Wolfgang Amadeus |
| Дати, свързани с автора | 1756 - 1791 |
| R(LIN) | 386874 |
| 139 ## - Редно поле | |
| Редна дума | Mozart, Wolfgang Amadeus |
| Авторски знак | Mow - M 91 |
| 245 10 - Сведения за заглавието | |
| Заглавие | Die Zauberflote [CD аудио] |
| Подзаглавни данни | Oper von Wolfgang Amadeus Mozart |
| Редно поле (дума) | Wolfgang Amadeus Mozart; текста чете Marko Simsa; изп. Hungarian Festival Chorus; изп. Failoni Orchestra; диригент Michael Halasz. |
| 257 ## - Страна на издаване | |
| Страна на създаване/издаване | Австрия |
| 260 ## - Област на издателските данни | |
| -- | Wien |
| Име на издателя, разпространителя и проч. | Annette Betz |
| Година на издаване | 2012 |
| 300 ## - Физическа характеристика | |
| Страници | 12 cm. Stereo |
| 306 ## - Продължителност на изпълнението | |
| Времетраене | 68мин. |
| 380 ## - Жанр | |
| Жанр | Изкуство |
| 490 1# - СЕРИИ (Колекции) | |
| Име на серия | Das musikalische Bilderbuch |
| 650 #4 - Допълнително описание по предмет – тема | |
| Основно описание – тема или топоним | Музика - стилове и направления - за деца |
| 9 (RLIN) | 324649 |
| 650 #4 - Допълнително описание по предмет – тема | |
| Основно описание – тема или топоним | Опера |
| 9 (RLIN) | 165008 |
| 653 ## - Ключова дума – ненормативна | |
| Ключова дума | деца |
| 653 ## - Ключова дума – ненормативна | |
| Ключова дума | музика |
| 653 ## - Ключова дума – ненормативна | |
| Ключова дума | Опера |
| 659 ## - Тематичен бюлетин | |
| Тематичен бюлетин | Ф |
| 700 1# - Други автори (авторска отговорност) | |
| Лично име | Simsa, Marko |
| Автороска отговорност (Описва отношението между автора и произведението) | текста чете |
| 9 (RLIN) | 24517 |
| 700 1# - Други автори (авторска отговорност) | |
| Лично име | Hungarian Festival Chorus |
| Автороска отговорност (Описва отношението между автора и произведението) | изп. |
| 9 (RLIN) | 355378 |
| 700 1# - Други автори (авторска отговорност) | |
| Лично име | Failoni Orchestra |
| Автороска отговорност (Описва отношението между автора и произведението) | изп. |
| 9 (RLIN) | 9746 |
| 700 1# - Други автори (авторска отговорност) | |
| Лично име | Halasz, Michael |
| Автороска отговорност (Описва отношението между автора и произведението) | диригент |
| 9 (RLIN) | 355379 |
| 852 ## - Местоположение | |
| Форматна сигнатура | Цб CD 3326 |
| Част | 0 |
| 856 4# - Електронен адрес и достъп | |
| Електронен формат | pdf - файл |
| Път до файла /url/ | |
| 856 4# - Електронен адрес и достъп | |
| Електронен формат | pdf - файл |
| Път до файла /url/ | |
| 942 ## - АРТИКУЛИ | |
| Вид на библиотечния материал | Компактдискове |
| Скрит в OPAC | Не |
| 944 ## - СЪЗДАВАНЕ И РЕДАКЦИЯ на ЗАПИСА | |
| Създаване/Редакция | Създаване |
| Дата на регистрацията/редакция | |
| Служител, извършил регистрацията/редакцията | |
| Статус, дата на статуса | CRON CRON |
| 944 ## - СЪЗДАВАНЕ И РЕДАКЦИЯ на ЗАПИСА | |
| Създаване/Редакция | Редакция |
| Дата на регистрацията/редакция | 05.02.2015 |
| Служител, извършил регистрацията/редакцията | |
| 999 ## - СИСТЕМНИ КОНТРОЛНИ НОМЕРА | |
| Koha biblionumber | 226075 |
| Koha biblioitemnumber | 226075 |
| Код за отписване | Код за изгубен артикул | Източник на класификационната схема | Код за повреда | Коз за рестрикции | Код за отдаване | Артикулен № | Име на библиотеката - собственик | Име на библиотеката, в която се намира в момента | Статус (Текущо местоположение) | Дата на вписване в системата | Местоположение - отдел | Цена в лева | Инвентарен номер | Систематично азбучна сигнатура | Баркод | Номер на екземпляра | Цена в евро | Служебна бележка | Служебен тип на артикула |
|---|---|---|---|---|---|---|---|---|---|---|---|---|---|---|---|---|---|---|---|
| Не е изгубен | Universal Decimal Classification | Не е повреден | без рестрикции | заемане за дома | 398178 | Регионална библиотека "Любен Каравелов" Русе | Регионална библиотека "Любен Каравелов" Русе | ЧЧЗО - нем. ез. - Гьоте инст. | 2000-01-01 | ЧЧЗО - нем. ез. - Гьоте инст. | 3.00 | 120000906888 | Ч5 78/S 61 | 120000906888 | 1 | 1.53 | Дост: DA Вид: А N: стар фонд Дата: 01.01.2000 Съставил: Теодора_Стоянова | Компактдискове |